000 00604nam a22001937a 4500
003 OSt
005 20141220092531.0
008 141203b xxu||||| |||| 00| 0 eng d
040 _cBMC
082 _a863.3959
100 1 _aRiquer, Martín de
_9929
245 1 0 _aAproximación al Quijote
_cMartín de Riquer ; prólogo de Damaso Alonso
260 _aNavarra
_bSalvat
_c[1971]
300 _a166 p.
_c19 cm
490 _aBiblioteca Básica Salvat
_v19
600 2 4 _aCervantes Saavedra, Miguel de
_d1547-1616
_tDon Quijote de la Mancha
_926819
700 1 _aAlonso, Dámaso
_d1898-1990
_9921
942 _2ddc
_cBK
999 _c16409
_d16409